A vvork vvorth the reading : VVherein is contayned, fiue profitable and pithy questions, very expedient, aswell for parents to perceiue howe to bestowe their children in marriage, and to dispose their goods at their death: as for all other persons to receiue great profit by the rest of the matters herein expressed. Newly published by Charles Gibbon.

Bibliographic Details
Main Author: Gibbon, Charles, fl. 1589-1604
Format: eBook
Language:English
Published: London : Imprinted by Thomas Orwin: and are to be solde by Henry Kyrkham, dwelling at the little north doore of S. Pauls Church, at the signe of the Blacke Boy, 1591.
Series:Early English books online.
Subjects:
Online Access:Connect to the full text of this electronic book

MARC

Tag First Indicator Second Indicator Subfields
LEADER 00000nam a2200000 4500
001 in00004221237
005 20200806094813.0
006 m g d
007 cr bn |||a|bb|
008 901015s1591 enk o 00| | eng d
035 |a (UnM)99837713 
037 |a CL0036000009  |b ProQuest. 789 E. Eisenhower Parkway, Ann Arbor, MI 48108-3218 
040 |a Cu-RivES  |c Cu-RivES  |d CStRLIN  |e dcrb  |d WaOLN 
100 1 |a Gibbon, Charles,  |d fl. 1589-1604. 
240 1 0 |a Work worth the reading 
245 0 2 |a A vvork vvorth the reading :  |b VVherein is contayned, fiue profitable and pithy questions, very expedient, aswell for parents to perceiue howe to bestowe their children in marriage, and to dispose their goods at their death: as for all other persons to receiue great profit by the rest of the matters herein expressed. Newly published by Charles Gibbon. 
246 2 |a Work worth the reading 
260 |a London :  |b Imprinted by Thomas Orwin: and are to be solde by Henry Kyrkham, dwelling at the little north doore of S. Pauls Church, at the signe of the Blacke Boy,  |c 1591. 
300 |a 1 online resource ([8], 60 pages) 
336 |a text  |b txt  |2 rdacontent 
337 |a computer  |b c  |2 rdamedia 
338 |a online resource  |b cr  |2 rdacarrier 
500 |a Reproduction of the original in the Henry E. Huntington Library and Art Gallery. 
510 4 |a STC (2nd edition)  |c 11821. 
533 |a Electronic reproduction.  |b Ann Arbor, Mich. :  |c UMI,  |d 1999-  |f (Early English books online)  |n Digital version of: (Early English books, 1475-1640 ; 296:03)  |7 s1999 miun s 
650 0 |a Conduct of life  |v Early works to 1900. 
650 0 |a Parent and child  |v Early works to 1800. 
830 0 |a Early English books online. 
856 4 0 |u http://proxy.library.tamu.edu/login?url=https://search.proquest.com/docview/2240893986  |z Connect to the full text of this electronic book  |t 0 
999 f f |s 16098780-1e16-30f9-a05c-924efd1a0cf1  |i 05c8fa8c-7dea-3a0f-9429-994db75c8f8a  |t 0 
952 f f |a Texas A&M University  |b College Station  |c Electronic Resources  |d Available Online  |t 0  |h No information provided 
998 f f |t 0  |l Available Online